000
00324 a2200145 4500
001
165786
020
_a
040
_c
Magnum
100
_a
Garcia, Maria Manuela Alves
240
1
0
_a
A didatica no ensino superior
_l
por
245
1
0
_a
A didatica no ensino superior
362
0
_a
1899
697
_a
PEDAGOGIA
942
_c
BK
999
_c
165786
_d
165786